00632nam a22001457a 4500003000200000005001700002008004100019050002400060245015100084260007200235300001800307942001200325999001900337952013000356020230314143358.0230314b xxu||||| |||| 00| 0 eng d aLB 1025b.Sh38 2021 aA comparative study of teaching strategies in the core subjects of grade 7-12 of Southville International School and CollegescGreatchen V. Shultz aLas Pinas CitybSouthville International School and CollegescC2021 c28CM.fTheses 2lcccTH c364948d364948 00102lcc40aCLbCLcTHESESd2023-03-14eDONATIONkTHESESl0oLB 1025 .Sh38 2021pT1148r2023-03-14 00:00:00w2023-03-14yTH